000 00675nam a2200217 a 4500
001 BRCA_4224
005 20190320204606.0
008 100610s1941----ag-a######---#000-0#spa-#
041 _aspa
044 _aag
050 4 _aAE61
_b.V37 1941
245 1 0 _aVastus
_bdiccionario enciclopédico ilustrado de la lengua castellana.
260 _aBuenos Aires
_bSopena Argentina
_c1941
300 _a1544 p.
_bil. (algunas a color), mapas
_c15 cm.
500 _aIncluye un atlas a colores
500 _aDiccionario inventariado por Banco de México como libro
500 _aAM36
650 1 4 _aEnciclopedias y diccionarios
_zBuenos Aires
_910887
902 _aGFM
942 _2lcc
_cB
999 _c3935
_d3935